LES 10 MEILLEURS PASSEURS EN EQUIPE DE FRANCE - Statistiques

Statistiques générales
  • Ce quiz a été pris 88 fois
  • Le résultat moyen est 7 sur 10
Statistiques - réponses
RANG NOM PASSES D SELECTIONS % Correct
4 ZINEDINE ZIDANE 26 108
98%
1 ANTOINE GRIEZMANN 30 128
95%
2 KYLIAN MBAPPE 30 78
93%
3 THIERRY HENRY 27 123
86%
6 MICHEL PLATINI 20 72
78%
10 KARIM BENZEMA 17 97
73%
9 FRACK RIBERY 17 81
50%
7 YOURI DJORKAEFF 20 82
43%
5 RAYMOND KOPA 20 45
38%
8 SYLVAIN WILTORD 18 92
34%
Aucun quiz correspondant
Distribution des résultats
% des personnes avec chaque résultat
Percentile par nombre de réponses
Votre historique - résultats
Vous n’avez pas pris ce quiz